00314 a2200121 450000100060000002000180000604000240002424000510004824500460009930000070014536200090015265000310016112983 a9788573002904 cAnchieta - Aquarius10aLei dos crimes ambientais para criançaslpor10aLei dos crimes ambientais para crianças a240 a2012 4aLiteratura infanto-juvenil